00422nam a2200145 450000500170000000800060001702000180002305000230004110000270006424501070009126000360019830000090023450000100024370000230025320250703150001.0cu123 a9781461373629 aHD2745.B467 BERb1 aBERGHE,VAN Den Lutgart aInternational standardisation of Good corporate governance:bbest practices for the board of directors aGermanybKluwer Academicsc1999 a237p aindex aRIDDER,DE.Liesbeth